LEADER 01748nam0 2200373 450 001 000035783 005 20180712122629.0 100 $a20140122d1964----km-y0itaa50------ba 101 1 $aita 102 $aIT 200 1 $aStudi sui terreni e sull'erosione del suolo in Lucania$fBernard Kayser$gcon prefazione di Manlio Rossi-Doria$ga cura dell'Amministrazione provinciale di Matera 210 $aMatera$cMontemurro$d1964 215 $a145 p., [3] carte di tav. ripieg.$cill.$d25 cm. 300 $aTraduzione di Rita Ruff 316 $aSulla pagina precedente il frontespizio dell'esemplare FVig/T41178: Gioacchino Viggiani 9 marzo 1965 454 1$12001$aRecherches sur les sols et l'erosion en Italie meridionale: Lucanie$927029 606 1 $aErosione$yBasilicata 676 $a551.302$v(22. ed.)$9Processi superficiali ed esogeni e loro agenti. Erosione e degradazione meteorica 676 $a631.4$v(22. ed.)$9Pedologia 700 1$aKayser,$bBernard$f<1926-2001>$0129646 702 1$aRossi-Doria,$bManlio$f<1905-1988> 702 1$aRuff,$bRita 712 02$aAmministrazione Provinciale$c 801 0$aIT$bUniversità della Basilicata - B.I.A.$gREICAT$2unimarc 912 $a000035783 996 $aRecherches sur les sols et l'erosion en Italie meridionale: Lucanie$927029 997 $aUNIBAS CAT $aSTD093$b01$c20140122$lBAS01$h1209 CAT $aSTD093$b01$c20140122$lBAS01$h1229 CAT $aTTM$b30$c20140213$lBAS01$h1106 CAT $aATR$b20$c20180712$lBAS01$h1225 CAT $aATR$b20$c20180712$lBAS01$h1226 FMT Z30 -1$lBAS01$LBAS01$mBOOK$1BASA2$APolo Tecnico-Scientifico$2FVIG$BFondo Viggiani$3FVig/41178$641178$5T41178$7Collocato presso la Scuola di Agraria$820140122$f35$FStanza riservata LEADER 04705oam 22008654a 450 001 9910963131903321 005 20221007234215.0 010 $a9781575068909 010 $a1575068907 024 7 $a10.1515/9781575068909 035 $a(CKB)3710000000250754 035 $a(EBL)3155711 035 $a(SSID)ssj0001378994 035 $a(PQKBManifestationID)11767182 035 $a(PQKBTitleCode)TC0001378994 035 $a(PQKBWorkID)11350605 035 $a(PQKB)11048381 035 $a(Au-PeEL)EBL3155711 035 $a(CaPaEBR)ebr10943994 035 $a(OCoLC)922991837 035 $a(DE-B1597)583960 035 $a(DE-B1597)9781575068909 035 $a(OCoLC)1287099159 035 $a(MdBmJHUP)musev2_80979 035 $a(MiAaPQ)EBC3155711 035 $a(OCoLC)1253313905 035 $a(Perlego)2058608 035 $a(EXLCZ)993710000000250754 100 $a20140722d2014 uy 0 101 0 $aeng 135 $aurnn#---|u||u 181 $ctxt 182 $cc 183 $acr 200 10$aGezer VI: The Objects$eThe Objects from Phases I and II (1964?74)$h6$iThe objects from Phases I and II (1964-1974)$iThe objects from Phases I and II (1964-1974)$h6 210 1$d2014$aJerusalem$cNelson Glueck School 215 $a1 online resource (425 p.) 225 0 $aAnnual of the Hebrew Union College / Nelson Glueck School of Biblical Archaeology$v10 300 $aDescription based upon print version of record. 311 0 $a9781575063126 311 0 $a1575063123 320 $aIncludes bibliographical references. 327 $aGezer I : preliminary report of the 1964-66 seasons (1970) / W.G. Dever, H.D. Lance, and G.E. WrightGezer II : report of the 1967-70 seasons in Fields I and II (1974) / W.G. Dever, et al. -- Gezer III : a ceramic typology of the Late Iron II, Persian and Hellenistic periods at Tell Gezer, 2 vols. (1990) / S. Gitin -- Gezer IV : the 1969-71 seasons in Field VI, the "Acropolis," 2 vols. (1986) / W.G. Dever -- Gezer V : the Field I Caves (1988) / J.D. Seger -- Dan I : a chronicle of the excavations, the pottery neolithic, the early bronze age and the middle bronze age tombs (1996) / A. Biran, D. Ilan, and R. Greenberg -- Dan II : a chronicle of the excavations and the late bronze age "Mycenaean" tomb (2002) / A. Biran and R. Ben-Dov -- Tel Aroer : the Iron Age II Caravan Town and the Hellenistic early Roman settlement, 2 vols. (2011) / Y. Thareani -- Gezer VII : the middle bronze and later fortifications in Felds II, IV, and VIII, (2013) / J.D. Seger -- Gezer VI : the objects from Phases I and II (1964-1974) / Garth Gilmour. 330 $a"Publication of Gezer VI: The Objects from Phases I and II (1964-1974) continues the presentation of archaeological reports on the Hebrew Union College-Harvard Semitic Museum Excavations at Gezer between 1964 and 1974 as part of the Nelson Glueck School of Biblical Archaeology Annual Series. With the exception of objects previously published in Gezer V, Gezer VI provides a comprehensive database with listings of all of the objects recovered during both the Phase I (1968-1971) and Phase II (1971-1974) HUC excavations at the site. In addition, the volume offers a summary of the stratigraphic history of Tell Gezer and includes a series of plates illustrating a large sample of the finds sorted by type and strata. Provided also are a series of comparative studies of the major material and type groupings of the object repertoire" 410 0$aAnnual of the Nelson Glueck School of Biblical Archaeology ;$vVolume 10. 606 $aMaterial culture$2fast$3(OCoLC)fst01011739 606 $aIron age$2fast$3(OCoLC)fst00979145 606 $aExcavations (Archaeology)$2fast$3(OCoLC)fst00917564 606 $aBronze age$2fast$3(OCoLC)fst00839439 606 $aAntiquities$2fast$3(OCoLC)fst00810745 606 $aIron age$zIsrael$zGezer Site 606 $aBronze age$zIsrael$zGezer Site 606 $aMaterial culture$zIsrael$zGezer Site 606 $aExcavations (Archaeology)$zIsrael$zGezer Site 607 $aIsrael$zGezer Site$2fast 607 $aIsrael$2fast 607 $aIsrael$xAntiquities 607 $aGezer Site (Israel) 615 7$aMaterial culture. 615 7$aIron age. 615 7$aExcavations (Archaeology) 615 7$aBronze age. 615 7$aAntiquities. 615 0$aIron age 615 0$aBronze age 615 0$aMaterial culture 615 0$aExcavations (Archaeology) 676 $a933/.4 700 $aGilmour$b Garth Hugh$01809077 801 0$bMdBmJHUP 801 1$bMdBmJHUP 906 $aBOOK 912 $a9910963131903321 996 $aGezer VI: The Objects$94359678 997 $aUNINA